| 000 | 00878nam a2200253Ia 4500 | ||
|---|---|---|---|
| 003 | OSt | ||
| 005 | 20220923222252.0 | ||
| 006 | a|||||r|||| 00| 0 | ||
| 007 | ta | ||
| 008 | KAS | ||
| 024 | _a204,129 | ||
| 037 | _cTextual | ||
| 040 |
_aARTS _cARTS _bKAS |
||
| 041 |
_2KAS _aKAS |
||
| 082 | _aO154,3N16,SC, 152K8 | ||
| 100 |
_aजोशी, शिवकुमार; उपाध्याय, रमेश, अनु. _9166504 |
||
| 245 | 0 | _aसोनल छाया | |
| 246 | _aSonal chhāyā | ||
| 260 |
_aदिल्ली _b नेशनल पब्लिशिंग हाउस _c1968 |
||
| 300 |
_a164पृ0 _ccm. |
||
| 650 |
_aकश्मीरी कहानी _9156350 |
||
| 942 |
_hO154,3N16,SC, 152K8 _cTEXL _2CC |
||
| 999 |
_c354878 _d354878 |
||